[Event "Intermat 31st (online)"]
[Site "chess.com"]
[Date "2022.04.23"]
[Round "2.1"]
[White "Thakare, Arjun"]
[Black "Yun, Daniel D."]
[Result "0-1"]
[WhiteElo "319"]
[BlackElo "1126"]
[PlyCount "74"]
[EventDate "2022.04.23"]
[EventType "match"]
[EventRounds "2"]
[EventCountry "CAN"]
[WhiteTeam "BC"]
[BlackTeam "WA"]

1. e4 e5 2. Bc4 Nf6 3. Nc3 Nxe4 4. Nxe4 d5 5. Ng5 Qxg5 6. Nf3 Qxg2 7. Ng1 Qxh1
8. Kf1 dxc4 9. Rb1 Bh3+ 10. Ke1 Qxg1+ 11. Ke2 Bg4+ 12. f3 Qxd1+ 13. Kxd1 Bxf3+
14. Ke1 Nc6 15. d4 Nxd4 16. Be3 Nxc2+ 17. Kd2 Nxe3 18. Kxe3 Bc6 19. Kd2 Bc5 20.
Kc2 Be4+ 21. Kc1 Bxb1 22. Kxb1 O-O 23. h4 Bf2 24. Ka1 Bxh4 25. a4 f5 26. Ka2 f4
27. Ka3 f3 28. Ka2 f2 29. Kb1 f1=Q+ 30. Kc2 e4 31. Kc3 e3 32. Kd4 e2 33. Ke3
e1=Q+ 34. Kd4 Qd3+ 35. Kc5 Qe7+ 36. Kb5 c6+ 37. Ka5 Be1+ 0-1

[Event "Intermat 31st (online)"]
[Site "chess.com"]
[Date "2022.04.23"]
[Round "2.2"]
[White "Ng, Amelia"]
[Black "Yuan, Chen"]
[Result "0-1"]
[WhiteElo "303"]
[BlackElo "519"]
[PlyCount "34"]
[EventDate "2022.04.23"]
[EventType "match"]
[EventRounds "2"]
[EventCountry "CAN"]
[WhiteTeam "BC"]
[BlackTeam "WA"]

1. e3 e5 2. f4 exf4 3. exf4 d5 4. Nf3 Nc6 5. Ne5 Nxe5 6. fxe5 Nh6 7. Nc3 Bg4 8.
Be2 Bxe2 9. Qxe2 Bc5 10. Qd3 O-O 11. Nxd5 Ng4 12. Qf3 Bf2+ 13. Kf1 Qd7 14. Qd3
c6 15. Qe2 cxd5 16. e6 Qxe6 17. Qd3 Qe1# 0-1

[Event "Intermat 31st (online)"]
[Site "chess.com"]
[Date "2022.04.23"]
[Round "2.3"]
[White "Lain, Haoming"]
[Black "Bharadwaj, Samarth"]
[Result "1-0"]
[WhiteElo "1105"]
[BlackElo "1439"]
[PlyCount "37"]
[EventDate "2022.04.23"]
[EventType "match"]
[EventRounds "2"]
[EventCountry "CAN"]
[WhiteTeam "BC"]
[BlackTeam "WA"]

1. b4 e5 2. Bb2 Bxb4 3. Bxe5 Nf6 4. c3 Ba5 5. e3 Nc6 6. Bxf6 Qxf6 7. Nf3 d5 8.
d4 Bf5 9. Be2 O-O 10. O-O Rfe8 11. Qb3 Nd8 12. Qxd5 Bb6 13. Nbd2 c6 14. Qb3 Ne6
15. Ne5 Rad8 16. Ndf3 Re7 17. a4 a6 18. Qxb6 Rde8 19. a5 1-0

[Event "Intermat 31st (online)"]
[Site "chess.com"]
[Date "2022.04.23"]
[Round "2.4"]
[White "Cui, Sky"]
[Black "Kakkad, Vayu"]
[Result "1-0"]
[WhiteElo "1155"]
[BlackElo "1110"]
[PlyCount "103"]
[EventDate "2022.04.23"]
[EventType "match"]
[EventRounds "2"]
[EventCountry "CAN"]
[WhiteTeam "BC"]
[BlackTeam "WA"]

1. e4 e5 2. Nf3 Nc6 3. Bc4 Bc5 4. c3 Nf6 5. d4 exd4 6. cxd4 Bb4+ 7. Bd2 Bxd2+
8. Nbxd2 O-O 9. d5 Ne7 10. O-O d6 11. Re1 Bg4 12. h3 Bh5 13. Qb3 b6 14. Rac1
Qd7 15. Bb5 Qd8 16. Qc4 Rc8 17. Ba6 Rb8 18. Qxc7 Qxc7 19. Rxc7 Nc8 20. Bxc8
Rfxc8 21. Rxa7 Rc2 22. Rb1 h6 23. g4 Bg6 24. Ra4 Re8 25. Rb4 Nxe4 26. Re1 Nf6
27. Rxe8+ Nxe8 28. Rxb6 f5 29. gxf5 Bxf5 30. Nd4 Rxd2 31. Nxf5 Rxd5 32. Ne7+
Kf7 33. Nxd5 Ke6 34. Nf4+ Ke5 35. Nd3+ Kd4 36. Rb8 Kxd3 37. Rxe8 d5 38. Rc8 d4
39. a4 Ke4 40. a5 d3 41. a6 d2 42. Rd8 d1=Q+ 43. Rxd1 Ke5 44. a7 Ke6 45. a8=Q
Ke7 46. Qd8+ Ke6 47. Re1+ Kf5 48. Qf8+ Kg6 49. Re6+ Kg5 50. f4+ Kh4 51. Qxg7
Kxh3 52. Rxh6# 1-0

[Event "Intermat 31st (online)"]
[Site "chess.com"]
[Date "2022.04.23"]
[Round "2.5"]
[White "Ye, Youjia"]
[Black "Wang, Ted"]
[Result "0-1"]
[WhiteElo "1013"]
[BlackElo "1875"]
[PlyCount "74"]
[EventDate "2022.04.23"]
[EventType "match"]
[EventRounds "2"]
[EventCountry "CAN"]
[WhiteTeam "BC"]
[BlackTeam "WA"]

1. e4 c5 2. Nf3 Nc6 3. Bb5 g6 4. O-O Bg7 5. Nc3 Nf6 6. Re1 O-O 7. d3 a6 8. Ba4
d6 9. Bd2 Bd7 10. Qe2 Nd4 11. Nxd4 cxd4 12. Bxd7 dxc3 13. Bxc3 Qxd7 14. Rad1 e5
15. Bd2 d5 16. Bg5 h6 17. Bd2 Rac8 18. c3 Rfd8 19. f3 Qb5 20. b3 dxe4 21. fxe4
Qxd3 22. Qxd3 Rxd3 23. c4 Rcd8 24. Re2 Nxe4 25. Rxe4 Rxd2 26. Rxd2 Rxd2 27. Re1
Rxa2 28. h3 Rb2 29. Re3 f5 30. Kh2 e4 31. Kh1 Be5 32. Kg1 Bd4 33. Kf1 Bxe3 34.
Ke1 f4 35. Kd1 f3 36. Ke1 fxg2 37. Kd1 g1=Q# 0-1

[Event "Intermat 31st (online)"]
[Site "chess.com"]
[Date "2022.04.23"]
[Round "2.6"]
[White "Zhang, Kai"]
[Black "Lin, Michael"]
[Result "0-1"]
[WhiteElo "1181"]
[BlackElo "1670"]
[PlyCount "112"]
[EventDate "2022.04.23"]
[EventType "match"]
[EventRounds "2"]
[EventCountry "CAN"]
[WhiteTeam "BC"]
[BlackTeam "WA"]

1. e4 e5 2. Nf3 Nc6 3. Bc4 Bc5 4. c3 Nf6 5. d3 d6 6. h3 O-O 7. O-O Be6 8. Bb3
h6 9. Be3 Bb6 10. Nbd2 d5 11. Qc2 d4 12. cxd4 exd4 13. Bf4 Nb4 14. Qb1 c5 15.
Nc4 Bc7 16. Bxc7 Qxc7 17. a3 Nc6 18. Qa2 b6 19. Rac1 Nh5 20. Rfe1 Nf4 21. Qb1
Qc8 22. Nd6 Qd7 23. Bxe6 fxe6 24. Nc4 Nxh3+ 25. gxh3 Rxf3 26. Kg2 Raf8 27. Re2
e5 28. Rh1 Qe6 29. Qg1 Rxd3 30. Rd2 Qxc4 31. Qf1 Rff3 32. Rxd3 Qxd3 33. Qxd3
Rxd3 34. f3 Rd2+ 35. Kg3 Rxb2 36. Rd1 c4 37. f4 d3 38. fxe5 Nxe5 39. Kf4 Ng6+
40. Ke3 Kf7 41. Kd4 b5 42. a4 a6 43. axb5 axb5 44. Kc3 Rb3+ 45. Kd4 Ke6 46. Rg1
Ne5 47. Rd1 b4 48. Ra1 Ra3 49. Rb1 b3 50. Kc3 Ra2 51. h4 Rc2+ 52. Kd4 d2 53.
Ke3 Rc1 54. Kxd2 Rxb1 55. Kc3 Rc1+ 56. Kb2 Nd3+ 0-1

[Event "Intermat 31st (online)"]
[Site "chess.com"]
[Date "2022.04.23"]
[Round "2.7"]
[White "Wu, Bowen"]
[Black "Kona, Vidip"]
[Result "1/2-1/2"]
[WhiteElo "1156"]
[BlackElo "1932"]
[PlyCount "118"]
[EventDate "2022.04.23"]
[EventType "match"]
[EventRounds "2"]
[EventCountry "CAN"]
[WhiteTeam "BC"]
[BlackTeam "WA"]

1. c4 Nf6 2. g3 c5 3. Bg2 Nc6 4. Nc3 g6 5. e3 Bg7 6. Nge2 O-O 7. O-O d6 8. d4
cxd4 9. exd4 Bd7 10. Be3 Rc8 11. b3 Ng4 12. Qd2 Nxe3 13. fxe3 a6 14. Rac1 Qa5
15. Rfd1 Qg5 16. e4 Qxd2 17. Rxd2 Rb8 18. Nd5 Kh8 19. Nb6 Rbd8 20. Nxd7 Rxd7
21. d5 Ne5 22. Rdd1 Rc8 23. Bh3 f5 24. exf5 Bh6 25. fxg6 Bxc1 26. Rxc1 hxg6 27.
Bxd7 Nxd7 28. Nf4 Ne5 29. Kg2 b5 30. h4 Kh7 31. Ne6 bxc4 32. bxc4 Rxc4 33. Rxc4
Nxc4 34. Nc7 a5 35. Kf3 Kg7 36. Ke4 Kf6 37. g4 a4 38. g5+ Kf7 39. Kd4 Ne5 40.
Kc3 Nf3 41. Kb4 Nxh4 42. Kxa4 Nf3 43. Kb4 Nxg5 44. a4 Ne4 45. a5 Nc5 46. Ne6
Ke8 47. Nxc5 dxc5+ 48. Kxc5 Kd7 49. Kd4 Kc7 50. Ke5 Kb7 51. Ke6 g5 52. Kf5 Ka6
53. Kxg5 Kxa5 54. Kf5 Kb5 55. Ke6 Kc5 56. Ke5 Kc4 57. Ke6 Kc5 58. Ke5 Kc4 59.
Ke6 Kc5 1/2-1/2

[Event "Intermat 31st (online)"]
[Site "chess.com"]
[Date "2022.04.23"]
[Round "2.8"]
[White "Low, Ethan Jun"]
[Black "Xiong, Michael"]
[Result "0-1"]
[WhiteElo "1255"]
[BlackElo "1531"]
[PlyCount "146"]
[EventDate "2022.04.23"]
[EventType "match"]
[EventRounds "2"]
[EventCountry "CAN"]
[WhiteTeam "BC"]
[BlackTeam "WA"]

1. b3 d5 2. Bb2 e6 3. e3 Nf6 4. Nf3 Be7 5. d4 O-O 6. Bd3 b6 7. Nbd2 Bb7 8. c4
Nbd7 9. O-O c5 10. Rc1 Rc8 11. Qe2 Ne4 12. Rfd1 f5 13. h3 Qe8 14. a3 Qg6 15. b4
cxb4 16. cxd5 exd5 17. axb4 Bxb4 18. Bb5 Ndf6 19. Ne5 Qh6 20. Ndf3 f4 21. Nd7
Nxd7 22. Bxd7 Rxc1 23. Rxc1 fxe3 24. fxe3 Bd6 25. Ra1 a5 26. Rb1 Ba6 27. Qe1
Bg3 28. Qc1 Bf2+ 29. Kh2 Bxe3 30. Qc6 Qf4+ 31. Kh1 Nf2+ 32. Kg1 Nxh3+ 33. Kh1
Nf2+ 34. Kg1 Ne4+ 35. Kh1 Qh6+ 36. Qxh6 gxh6 37. Be6+ Kg7 38. Bxd5 Nf2+ 39. Kh2
Ng4+ 40. Kg3 h5 41. Be6 Bf4+ 42. Kh4 Bc8 43. d5+ Kh6 44. Ba3 Rd8 45. Rxb6 Bxe6
46. dxe6 Kg7 47. e7 Re8 48. Kxh5 Nf6+ 49. Kh4 Be3 50. Ra6 Bf2+ 51. Kh3 Nd5 52.
Rxa5 Nxe7 53. Ra7 Bxa7 54. Ne5 Kf6 55. Nd7+ Ke6 56. Nc5+ Bxc5 57. Bxc5 Rc8 58.
Bf2 Rc2 59. Bg3 Nf5 60. Bf4 Rf2 61. Bg5 h6 62. Bc1 h5 63. g3 Rf3 64. Bf4 Kd5
65. Bg5 Rxg3+ 66. Kh2 Rxg5 67. Kh3 Ke4 68. Kh2 Kf3 69. Kh3 Rg3+ 70. Kh2 Kg4 71.
Kh1 Nd4 72. Kh2 Nf3+ 73. Kh1 Rg1# 0-1

[Event "Intermat 31st (online)"]
[Site "chess.com"]
[Date "2022.04.23"]
[Round "2.9"]
[White "Jaiman, Panshul Mishra"]
[Black "Liu, Lucas"]
[Result "0-1"]
[WhiteElo "1234"]
[BlackElo "1572"]
[PlyCount "72"]
[EventDate "2022.04.23"]
[EventType "match"]
[EventRounds "2"]
[EventCountry "CAN"]
[WhiteTeam "BC"]
[BlackTeam "WA"]

1. d4 f5 2. c4 Nf6 3. Nc3 g6 4. Bg5 Bg7 5. Nf3 O-O 6. e3 d6 7. Bd3 Nbd7 8. O-O
b6 9. Qb3 Kh8 10. Rfe1 Bb7 11. d5 Nc5 12. Qc2 c6 13. dxc6 Bxc6 14. b4 Nxd3 15.
Qxd3 Ne4 16. Nd4 Bxd4 17. Qxd4+ e5 18. Bxd8 exd4 19. Nxe4 fxe4 20. Be7 Rf7 21.
Bxd6 d3 22. b5 Bb7 23. Rad1 Rc8 24. Be5+ Kg8 25. Rd2 Rxc4 26. Kf1 Rf5 27. f4
exf3 28. Bf4 fxg2+ 29. Kg1 Be4 30. Red1 Rxb5 31. a3 Rc2 32. Rxc2 dxc2 33. Rd8+
Kf7 34. Rc8 Rb1+ 35. Kf2 g1=Q+ 36. Ke2 Qe1# 0-1

[Event "Intermat 31st (online)"]
[Site "chess.com"]
[Date "2022.04.23"]
[Round "2.10"]
[White "Liu, Zachary"]
[Black "Cheng, Selina"]
[Result "1-0"]
[WhiteElo "1848"]
[BlackElo "1487"]
[PlyCount "81"]
[EventDate "2022.04.23"]
[EventType "match"]
[EventRounds "2"]
[EventCountry "CAN"]
[WhiteTeam "BC"]
[BlackTeam "WA"]

1. e4 e5 2. Nf3 Nc6 3. d4 exd4 4. Nxd4 Nxd4 5. Qxd4 d6 6. Nc3 Nf6 7. Bc4 Be7 8.
f3 Nh5 9. Be3 Bf6 10. Qd2 Be6 11. Bxe6 fxe6 12. O-O-O g6 13. Ne2 a5 14. g4 Ng7
15. h4 a4 16. a3 b5 17. f4 Be7 18. Bd4 Rg8 19. Qc3 Kf7 20. h5 c5 21. Bf2 b4 22.
axb4 cxb4 23. Qxb4 d5 24. Bc5 Bxc5 25. Qxc5 Ra5 26. Qa3 Qb6 27. exd5 exd5 28.
Nd4 Re8 29. c3 Qf6 30. f5 Qg5+ 31. Kb1 Qxg4 32. hxg6+ hxg6 33. fxg6+ Qxg6+ 34.
Ka1 Rb8 35. Rhf1+ Kg8 36. Rg1 Qf7 37. Rdf1 Qe8 38. Nf5 Rb7 39. Nd6 Rb3 40. Nxe8
Rxa3+ 41. bxa3 1-0

[Event "Intermat 31st (online)"]
[Site "chess.com"]
[Date "2022.04.23"]
[Round "2.11"]
[White "Mok, Erwin Jun-Han"]
[Black "Lu, Yiding"]
[Result "0-1"]
[WhiteElo "1332"]
[BlackElo "1989"]
[PlyCount "46"]
[EventDate "2022.04.23"]
[EventType "match"]
[EventRounds "2"]
[EventCountry "CAN"]
[WhiteTeam "BC"]
[BlackTeam "WA"]

1. d4 Nf6 2. c4 g6 3. f3 d5 4. cxd5 Nxd5 5. e4 Nb6 6. Nc3 Bg7 7. Be3 O-O 8. Qd2
e5 9. d5 Qe7 10. Rc1 c6 11. dxc6 Rd8 12. Qf2 Nxc6 13. Bb5 Nd4 14. Bxd4 exd4 15.
Nb1 Qb4+ 16. Qd2 Qxb5 17. Ne2 Nc4 18. Qc2 Ne3 19. Qc7 Be6 20. Qe7 d3 21. Nd2
dxe2 22. b3 Nxg2+ 23. Kf2 Rxd2 0-1

[Event "Intermat 31st (online)"]
[Site "chess.com"]
[Date "2022.04.23"]
[Round "2.12"]
[White "Gao, Justin"]
[Black "Yang, Alexander"]
[Result "0-1"]
[WhiteElo "1493"]
[BlackElo "1839"]
[PlyCount "56"]
[EventDate "2022.04.23"]
[EventType "match"]
[EventRounds "2"]
[EventCountry "CAN"]
[WhiteTeam "BC"]
[BlackTeam "WA"]

1. e4 e5 2. Nf3 Nc6 3. Bc4 Nf6 4. Nc3 Nxe4 5. Nxe4 d5 6. Bd3 dxe4 7. Bxe4 Bd6
8. Bxc6+ bxc6 9. O-O O-O 10. Re1 Re8 11. d3 Bg4 12. h3 Bh5 13. Be3 f5 14. Qd2
Bxf3 15. Bg5 Be7 16. Bxe7 Qxe7 17. gxf3 Qh4 18. Kh2 Re6 19. Rh1 Rae8 20. Rag1
Rh6 21. Kg2 e4 22. Kf1 exf3 23. Qc3 Qe7 24. Rg3 f4 25. Rg4 Qe2+ 26. Kg1 Qd1+
27. Kh2 Rxh3+ 28. Kxh3 Qxh1# 0-1

[Event "Intermat 31st (online)"]
[Site "chess.com"]
[Date "2022.04.23"]
[Round "2.13"]
[White "Hossain, Azher"]
[Black "Harish, Neeraj"]
[Result "1-0"]
[WhiteElo "1445"]
[BlackElo "1896"]
[PlyCount "105"]
[EventDate "2022.04.23"]
[EventType "match"]
[EventRounds "2"]
[EventCountry "CAN"]
[WhiteTeam "BC"]
[BlackTeam "WA"]

1. d4 Nf6 2. Nf3 g6 3. c4 Bg7 4. g3 O-O 5. Bg2 d5 6. cxd5 Nxd5 7. O-O Nc6 8.
Nc3 Nb6 9. d5 Na5 10. Qc2 c6 11. dxc6 Nxc6 12. Rd1 Bd7 13. Bf4 e5 14. Bg5 f6
15. Be3 Qe7 16. Bxb6 axb6 17. Nd5 Qf7 18. Nxb6 Rad8 19. Nxd7 Rxd7 20. Rxd7 Qxd7
21. Rd1 Qe7 22. Qb3+ Kh8 23. a3 e4 24. Nd4 Nxd4 25. Rxd4 f5 26. Rb4 Rf7 27. e3
Qc7 28. Bf1 Rd7 29. Rc4 Qd8 30. Qc2 Qf8 31. Rc8 Rd8 32. Rc7 b6 33. Rc6 Rd6 34.
Rc8 Rd8 35. Rc6 Rd6 36. b4 Rxc6 37. Qxc6 Qd8 38. a4 Bf8 39. Qc3+ Bg7 40. Qc6
Bf8 41. Qb5 h5 42. Qc6 Kh7 43. Qc4 Qd2 44. Qc7+ Kh6 45. a5 Bxb4 46. a6 Qa2 47.
a7 Be1 48. Kh1 Bxf2 49. Qb8 Bxe3 50. h4 Qa1 51. Kg2 Qb2+ 52. Kh3 Bg1 53. Bg2
1-0

[Event "Intermat 31st (online)"]
[Site "chess.com"]
[Date "2022.04.23"]
[Round "2.14"]
[White "Boroomand, Arya Cyrus"]
[Black "Heath, Derek"]
[Result "1/2-1/2"]
[WhiteElo "1514"]
[BlackElo "1728"]
[PlyCount "89"]
[EventDate "2022.04.23"]
[EventType "match"]
[EventRounds "2"]
[EventCountry "CAN"]
[WhiteTeam "BC"]
[BlackTeam "WA"]

1. e4 d5 2. exd5 Nf6 3. c4 e6 4. dxe6 Bxe6 5. Nf3 Qe7 6. Qe2 Nc6 7. d4 Bf5 8.
Qxe7+ Bxe7 9. a3 O-O-O 10. Be3 Rhe8 11. Be2 Ng4 12. Nc3 Bf6 13. d5 Nxe3 14.
fxe3 Na5 15. Kf2 Nb3 16. Rae1 Nc5 17. Rd1 Bxc3 18. bxc3 Ne4+ 19. Kf1 Nxc3 20.
Kf2 Nxd1+ 21. Rxd1 Bg4 22. Ng5 Bxe2 23. Kxe2 f6 24. Ne6 Rxe6 25. dxe6 Rxd1 26.
Kxd1 Kd8 27. Kd2 Ke7 28. Kd3 Kxe6 29. Ke4 c5 30. Kf4 h5 31. h4 a6 32. a4 g5+
33. hxg5 fxg5+ 34. Kxg5 b5 35. cxb5 axb5 36. a5 Kd6 37. e4 b4 38. e5+ Kc7 39.
e6 b3 40. e7 Kd7 41. Kf6 b2 42. Kf7 b1=Q 43. e8=Q+ Kd6 44. Qe6+ Kc7 45. Qe7+
1/2-1/2

[Event "Intermat 31st (online)"]
[Site "chess.com"]
[Date "2022.04.23"]
[Round "2.15"]
[White "Zhou, Zhengyuan (Frank)"]
[Black "Liu, Austin"]
[Result "0-1"]
[WhiteElo "1434"]
[BlackElo "2048"]
[PlyCount "35"]
[EventDate "2022.04.23"]
[EventType "match"]
[EventRounds "2"]
[EventCountry "CAN"]
[WhiteTeam "BC"]
[BlackTeam "WA"]

1. d4 Nf6 2. Bf4 g6 3. Nc3 d5 4. Qd2 Bg7 5. O-O-O c6 6. h4 h5 7. f3 b5 8. e4
dxe4 9. fxe4 b4 10. Na4 Nxe4 11. Qe3 Nf6 12. Bc4 Nd5 13. Qd2 Nxf4 14. Qf2 Nd5
15. Nf3 O-O 16. Ne5 e6 17. g4 Qf6 18. Qg2 0-1

[Event "Intermat 31st (online)"]
[Site "chess.com"]
[Date "2022.04.23"]
[Round "2.16"]
[White "Yang, Jingyun (Ryan)"]
[Black "Balaji, Pranav"]
[Result "1-0"]
[WhiteElo "1922"]
[BlackElo "1740"]
[PlyCount "102"]
[EventDate "2022.04.23"]
[EventType "match"]
[EventRounds "2"]
[EventCountry "CAN"]
[WhiteTeam "BC"]
[BlackTeam "WA"]

1. g3 d5 2. Bg2 e5 3. d4 e4 4. c4 c6 5. Nc3 Nf6 6. Bg5 Bb4 7. Qb3 Bxc3+ 8. bxc3
Qb6 9. Bxf6 gxf6 10. cxd5 Qxb3 11. axb3 cxd5 12. e3 Be6 13. Ne2 f5 14. Nf4 Kd7
15. c4 Kd6 16. c5+ Kc6 17. Kd2 Nd7 18. Rhb1 b6 19. b4 bxc5 20. bxc5 a5 21. Bf1
Rhb8 22. Rxb8 Rxb8 23. Rxa5 Rb2+ 24. Kc3 Rb1 25. Be2 Nf6 26. Ra6+ Kd7 27. Ra7+
Kc6 28. Nxe6 fxe6 29. Re7 Ng4 30. Bxg4 fxg4 31. Rxe6+ Kc7 32. Re7+ Kc6 33. Rxh7
Rf1 34. Rh6+ Kc7 35. Rd6 Rxf2 36. Rxd5 Rxh2 37. Rg5 Re2 38. Rxg4 Rxe3+ 39. Kc4
Re1 40. Kd5 e3 41. Rg7+ Kd8 42. Kd6 Ke8 43. c6 Kf8 44. c7 Rc1 45. Re7 Rc4 46.
d5 Rc2 47. Rxe3 Kf7 48. Kd7 Rd2 49. d6 Ra2 50. c8=Q Ra7+ 51. Qc7 Rxc7+ 1-0

[Event "Intermat 31st (online)"]
[Site "chess.com"]
[Date "2022.04.23"]
[Round "2.17"]
[White "Leong, Aiden"]
[Black "Nallabothula, Varin"]
[Result "1-0"]
[WhiteElo "1812"]
[BlackElo "1754"]
[PlyCount "83"]
[EventDate "2022.04.23"]
[EventType "match"]
[EventRounds "2"]
[EventCountry "CAN"]
[WhiteTeam "BC"]
[BlackTeam "WA"]

1. e4 e5 2. Nf3 Nf6 3. Nxe5 d6 4. Nf3 Nxe4 5. Nc3 Nxc3 6. dxc3 Be7 7. Be3 Nc6
8. Qd2 Ne5 9. Be2 Be6 10. Nd4 Bc4 11. f4 Bxe2 12. Qxe2 Nd7 13. O-O-O O-O 14.
Qf3 Rb8 15. g4 Re8 16. h4 c6 17. Nf5 d5 18. Bxa7 Ra8 19. Bd4 Bf8 20. a3 Nc5 21.
g5 Qa5 22. Nh6+ gxh6 23. gxh6 Re6 24. f5 Bxh6+ 25. Kb1 Re4 26. Qh5 Bf4 27. Rdf1
Bd2 28. Rf2 Rxd4 29. cxd4 Ne4 30. Rg1+ Kf8 31. Qxh7 Nxf2 32. f6 Ke8 33. Qg8+
Kd7 34. Qxf7+ Kc8 35. Rg8+ Qd8 36. Rxd8+ Kxd8 37. Qe7+ Kc8 38. f7 Bh6 39. Qe6+
Kd8 40. Qxh6 Ke7 41. Qg5+ Kf8 42. Qg8+ 1-0

[Event "Intermat 31st (online)"]
[Site "chess.com"]
[Date "2022.04.23"]
[Round "2.18"]
[White "Wu, Nathan"]
[Black "Sankar, Abhay"]
[Result "1/2-1/2"]
[WhiteElo "1976"]
[BlackElo "1627"]
[PlyCount "116"]
[EventDate "2022.04.23"]
[EventType "match"]
[EventRounds "2"]
[EventCountry "CAN"]
[WhiteTeam "BC"]
[BlackTeam "WA"]

1. e4 e6 2. d4 d5 3. e5 c5 4. c3 Nc6 5. Nf3 Qb6 6. Bd3 cxd4 7. O-O Bd7 8. Re1
Nge7 9. h4 h6 10. h5 O-O-O 11. Qe2 g6 12. hxg6 Nxg6 13. cxd4 Kb8 14. Bxg6 fxg6
15. Be3 g5 16. Nc3 Be7 17. a3 g4 18. Nd2 h5 19. b4 Rdg8 20. Na4 Qd8 21. Nc5 h4
22. Ndb3 g3 23. b5 h3 24. f4 hxg2 25. Qxg2 Rh2 26. Qf3 Rgh8 27. Nxd7+ Qxd7 28.
bxc6 bxc6 29. Qxg3 Rh1+ 30. Kg2 R1h2+ 31. Qxh2 Rxh2+ 32. Kxh2 Qe8 33. Bf2 Qh5+
34. Kg2 Qg6+ 35. Kf3 Qh5+ 36. Ke3 Qh3+ 37. Kd2 Kc7 38. Be3 Qg2+ 39. Re2 Qe4 40.
Kc3 Qf3 41. Rae1 Bh4 42. Nd2 Qg4 43. Bf2 Bxf2 44. Rxf2 Qg3+ 45. Rf3 Qxe1 46.
Kd3 Qa1 47. f5 Qxa3+ 48. Ke2 Qa6+ 49. Ke3 exf5 50. Rxf5 Kd7 51. Nf3 Qa3+ 52.
Kf4 Qd3 53. Rf7+ Ke8 54. Rxa7 Qe4+ 55. Kg3 Qg6+ 56. Kf4 Qe4+ 57. Kg3 Qg6+ 58.
Kf4 Qe4+ 1/2-1/2

[Event "Intermat 31st (online)"]
[Site "chess.com"]
[Date "2022.04.23"]
[Round "2.19"]
[White "He, Matthew"]
[Black "Cheng, Edward"]
[Result "1/2-1/2"]
[WhiteElo "1819"]
[BlackElo "1807"]
[PlyCount "47"]
[EventDate "2022.04.23"]
[EventType "match"]
[EventRounds "2"]
[EventCountry "CAN"]
[WhiteTeam "BC"]
[BlackTeam "WA"]

1. d4 Nf6 2. c4 g6 3. Nc3 Bg7 4. e4 d6 5. Nf3 O-O 6. Be2 e5 7. d5 a5 8. Bg5 Na6
9. Nd2 h6 10. Be3 Nc5 11. b3 b6 12. O-O Nh7 13. a3 Bd7 14. b4 axb4 15. axb4 Na6
16. Qb3 f5 17. f3 h5 18. c5 f4 19. Bf2 Qg5 20. h4 Qe7 21. Rxa6 Rab8 22. cxd6
cxd6 23. Ra7 Qd8 24. Bb5 1/2-1/2

[Event "Intermat 31st (online)"]
[Site "chess.com"]
[Date "2022.04.23"]
[Round "2.20"]
[White "Guo, Veronica (Yu Han)"]
[Black "Wang, Daniel"]
[Result "1-0"]
[WhiteElo "1955"]
[BlackElo "1644"]
[PlyCount "31"]
[EventDate "2022.04.23"]
[EventType "match"]
[EventRounds "2"]
[EventCountry "CAN"]
[WhiteTeam "BC"]
[BlackTeam "WA"]

1. d4 Nf6 2. c4 g6 3. Nc3 Bg7 4. e4 d6 5. Nge2 O-O 6. Ng3 e5 7. d5 Nbd7 8. h4
h5 9. Bg5 a6 10. Be2 Qe8 11. Qd2 Kh7 12. f4 exf4 13. Qxf4 Qe5 14. O-O Ng8 15.
Qe3 Qf6 16. Bxf6 1-0

[Event "Intermat 31st (online)"]
[Site "chess.com"]
[Date "2022.04.23"]
[Round "2.21"]
[White "Qiu, Peter Yong"]
[Black "Peng, Brandon"]
[Result "1-0"]
[WhiteElo "1864"]
[BlackElo "1822"]
[PlyCount "91"]
[EventDate "2022.04.23"]
[EventType "match"]
[EventRounds "2"]
[EventCountry "CAN"]
[WhiteTeam "BC"]
[BlackTeam "WA"]

1. e4 c5 2. Nc3 Nc6 3. f4 g6 4. Nf3 Bg7 5. Bc4 e6 6. O-O Nge7 7. d3 d5 8. Bb3
O-O 9. Qe1 a6 10. a4 Rb8 11. Qg3 b5 12. f5 c4 13. axb5 axb5 14. dxc4 dxc4 15.
f6 Bxf6 16. Bf4 e5 17. Bh6 cxb3 18. Bxf8 Qxf8 19. cxb3 Be6 20. Kh1 Bg7 21. Ng5
Qc8 22. Qf2 f6 23. Nxe6 Qxe6 24. Qc5 Nd4 25. Qc7 Nec6 26. Ra7 Nxa7 27. Qxb8+
Nc8 28. Nd5 Kf7 29. Rc1 Ne7 30. Nxe7 Qxe7 31. Rc7 Bf8 32. Rxe7+ Bxe7 33. Qh8 g5
34. Qxh7+ Ke6 35. g3 Kd6 36. h4 Ne6 37. h5 b4 38. h6 Bf8 39. Qg6 Ke7 40. h7 Bg7
41. Qxg7+ Nxg7 42. h8=Q Kf7 43. Qb8 Ne6 44. Qxb4 Nd4 45. Qb7+ Kg6 46. b4 1-0

[Event "Intermat 31st (online)"]
[Site "chess.com"]
[Date "2022.04.23"]
[Round "2.22"]
[White "Qiu, Andrew Yu"]
[Black "Kandhare, Ojas"]
[Result "1-0"]
[WhiteElo "1792"]
[BlackElo "1549"]
[PlyCount "101"]
[EventDate "2022.04.23"]
[EventType "match"]
[EventRounds "2"]
[EventCountry "CAN"]
[WhiteTeam "BC"]
[BlackTeam "WA"]

1. e4 e5 2. Nf3 Nc6 3. Bb5 a6 4. Ba4 d6 5. c3 Bd7 6. O-O g6 7. d4 Bg7 8. Re1
Nge7 9. Be3 O-O 10. Bc2 f5 11. exf5 Nxf5 12. Qd2 exd4 13. cxd4 Nce7 14. Bg5 Bf6
15. Nc3 Bxg5 16. Nxg5 Kg7 17. Nce4 h6 18. Nf3 Bc6 19. Bb3 Bd5 20. Bd1 Nc6 21.
Ng3 Qf6 22. Nxf5+ Qxf5 23. Bc2 Qf6 24. Be4 Qf7 25. Re3 Rae8 26. Rae1 Bxe4 27.
Rxe4 Rxe4 28. Rxe4 Re8 29. Rh4 g5 30. Rg4 Qf5 31. h3 Re4 32. d5 Ne5 33. Qc3
Rxg4 34. hxg4 Qxg4 35. Qxc7+ Qd7 36. Qc3 Kf6 37. Qd4 Qg4 38. Qc3 Qe4 39. Nxe5
Qxe5 40. Qb3 Qe1+ 41. Kh2 Qxf2 42. Qc3+ Kg6 43. Kh1 Qc5 44. Qd3+ Kg7 45. Kh2
Qc1 46. Qd4+ Kg6 47. Qe4+ Kh5 48. Qe8+ Kh4 49. g3+ Kg4 50. Qe2+ Kf5 51. Qe6#
1-0

[Event "Intermat 31st (online)"]
[Site "chess.com"]
[Date "2022.04.23"]
[Round "2.23"]
[White "Tian, Shi Yuan (Sherry)"]
[Black "Velea, Anne-Marie"]
[Result "1-0"]
[WhiteElo "2045"]
[BlackElo "2207"]
[PlyCount "83"]
[EventDate "2022.04.23"]
[EventType "match"]
[EventRounds "2"]
[EventCountry "CAN"]
[WhiteTeam "BC"]
[BlackTeam "WA"]

1. Nf3 d5 2. c4 e6 3. g3 Nf6 4. Bg2 Be7 5. O-O O-O 6. d4 c6 7. Nc3 b6 8. Nd2
Bb7 9. e4 a5 10. Re1 Na6 11. a3 Rc8 12. cxd5 cxd5 13. e5 Nd7 14. Bf1 Nc7 15. h4
Bc6 16. a4 Bb7 17. Nf3 Ba6 18. Nb5 Bxb5 19. axb5 Re8 20. Bf4 Nf8 21. h5 Qd7 22.
h6 g6 23. Qa4 Red8 24. Rec1 Na8 25. Rc6 Rc7 26. Rac1 Rdc8 27. Bd2 Qe8 28. Kg2
Nd7 29. b4 axb4 30. Bxb4 Bxb4 31. Qxb4 Nb8 32. Rxc7 Rxc7 33. Rxc7 Nxc7 34. Qd6
Na8 35. Nh2 Nd7 36. Ng4 Kh8 37. Kg1 f5 38. exf6 Qf7 39. Ne5 Nxe5 40. dxe5 Nc7
41. Qd8+ Ne8 42. Qxb6 1-0

[Event "Intermat 31st (online)"]
[Site "chess.com"]
[Date "2022.04.23"]
[Round "2.24"]
[White "Huang, Patrick"]
[Black "Hou, Kennard"]
[Result "1-0"]
[WhiteElo "2217"]
[BlackElo "1665"]
[PlyCount "69"]
[EventDate "2022.04.23"]
[EventType "match"]
[EventRounds "2"]
[EventCountry "CAN"]
[WhiteTeam "BC"]
[BlackTeam "WA"]

1. d4 Nf6 2. Bf4 d5 3. e3 c5 4. c3 Nc6 5. Nd2 Qb6 6. Qb3 c4 7. Qc2 Bg4 8. e4 e6
9. f3 Bh5 10. h4 Bg6 11. Bg5 h6 12. Bf4 Be7 13. Ne2 O-O 14. g4 Nd7 15. Be3 Bd6
16. Qc1 f6 17. Bg2 f5 18. gxf5 exf5 19. exd5 Na5 20. f4 Nf6 21. Rb1 Qc7 22. b4
Ng4 23. Nf3 b5 24. bxa5 Qxa5 25. Ne5 Rfe8 26. Bd2 Bh5 27. Ng3 Bxe5 28. fxe5
Nxe5 29. dxe5 Rxe5+ 30. Kf2 Rae8 31. Kg1 Re2 32. Nxe2 Rxe2 33. Rh3 Qb6+ 34. Kh1
Qf2 35. Qg1 1-0